| 000 | 00658nam a2200193 i 4500 | ||
|---|---|---|---|
| 001 | 35696 | ||
| 003 | ES-MaACL | ||
| 005 | 20250813063300.0 | ||
| 007 | t| | ||
| 008 | 030213s1980 sp ||||1| spa d | ||
| 100 | 1 |
_aBrecht, Bertolt, _d1898-1956 _931544 |
|
| 245 | 1 | 0 |
_aDiario 1920-1922 _b: notas autobiográficas 1920-1954 / _cBertolt Brecht ; edición de Herta Ramthun ; traducción de Juan J. del Solar B. |
| 260 |
_aBarcelona : _bCrítica, _c[1980] |
||
| 300 |
_a244 p. ; _c20 cm. |
||
| 700 | 1 |
_aRamthun, Herte. _995386 |
|
| 700 | 1 |
_aSolar, Juan José del, _d1946- _9107098 |
|
| 852 |
_aES-MaACL _jC-32465 _bR.100509 |
||
| 999 |
_c35696 _d35696 |
||